Miasta z największą liczbą ludności w USA - Statystyki

Ogólne statystyki
  • Ten quiz został rozwiązany 340 razy
  • Średni wynik to 6 z 10
Statystyki odpowiedzi
Miejsce Miasto Ludność % Poprawnych
1 Nowy Jork 8 175 133
99%
2 Los Angeles 3 971 883
94%
3 Chicago 2 720 546
87%
9 Dallas 1 343 573
61%
4 Houston 2 296 224
57%
5 Filadelfia 1 567 442
56%
6 Phoenix 1 563 025
47%
8 San Diego 1 423 851
42%
7 San Antonio 1 469 845
37%
10 San Jose 1 021 795
22%
Nie znaleziono quizów pasujących do podanych kryteriów
Rozkład punktacji
Procent ludzi z każdym wynikiem
Percentyl według liczby udzielonych odpowiedzi
Twoja historia wyników
Nie rozwiązałeś tego quizu